000 00653nam a2200205Ia 4500
003 GCL
008 140319s9999 xx 000 0 ara d
040 _aGCL /
_cGCL
082 0 4 _a015.964
_bم م
100 1 _aمحمد المنونى
245 1 0 _aالمصادر العربية لتاريخ المغرب /
_cمحمد المنونى
260 _a[S.N] :
_bمطبعة فصالة ،
_c1989
300 _a462 ص
490 _aسلسلة الدراسات الببيلوغرافية
_v0
650 0 4 _aالتراث
650 0 4 _aالمغرب
650 0 4 _aالتاريخ الاسلامى
650 0 4 _aالببليوجرافيات
942 _2ddc
_cBK
999 _c35790
_d35790